| Tag |
First Indicator |
Second Indicator |
Subfields |
| LEADER |
00000pam a2200000 a 4500 |
| 001 |
in00000291985 |
| 005 |
20151010080502.0 |
| 008 |
820603s1982 dcu b 00010 eng |
| 010 |
|
|
|a 81043819
|
| 020 |
|
|
|a 0819125865 :
|c $19.75
|
| 020 |
|
|
|a 0819125873 (pbk.) :
|c $9.50
|
| 035 |
|
|
|a (OCoLC)08551900
|
| 035 |
|
|
|9 ABF5614AM
|
| 039 |
0 |
|
|a 2
|b 3
|c 3
|d 3
|e 3
|
| 040 |
|
|
|a DLC
|c DLC
|d TXA
|d UtOrBLW
|
| 043 |
|
|
|a e-fr---
|
| 049 |
|
|
|a TXAM
|c [1615226]
|
| 050 |
0 |
0 |
|a PQ528
|b A4 1982
|
| 082 |
0 |
|
|a 842/.4/09
|2 19
|
| 100 |
1 |
|
|a Alvarez-Detrell, Tamara.
|
| 245 |
1 |
4 |
|a The gambling mania on and off the stage in pre-revolutionary France /
|c compiled, annotated, and edited by Tamara Alvarez-Detrell and Michael G. Paulson.
|
| 264 |
|
1 |
|a Washington, D.C. :
|b University Press of America,
|c [1982]
|
| 264 |
|
4 |
|c ©1982
|
| 300 |
|
|
|a x, 181 pages ;
|c 22 cm.
|
| 336 |
|
|
|a text
|b txt
|2 rdacontent
|
| 337 |
|
|
|a unmediated
|b n
|2 rdamedia
|
| 338 |
|
|
|a volume
|b nc
|2 rdacarrier
|
| 504 |
|
|
|a Bibliography: pages 177-181.
|
| 650 |
|
0 |
|a French drama
|y 17th century
|x History and criticism.
|
| 650 |
|
0 |
|a French drama
|y 18th century
|x History and criticism.
|
| 650 |
|
0 |
|a Gambling in literature.
|
| 700 |
1 |
|
|a Paulson, Michael G.
|
| 999 |
|
|
|a MARS
|
| 999 |
f |
f |
|s feea24ee-152b-32fd-9762-472bcd6873f4
|i 7a155722-d801-3025-b720-2c55eaef3a4e
|t 0
|
| 952 |
f |
f |
|p ric
|a Texas A&M University
|b Rellis Campus
|c Joint Library Facility
|d Remote Storage
|t 0
|e PQ528 A4 1982
|h Library of Congress classification
|i unmediated -- volume
|m A14806397389
|
| 998 |
f |
f |
|a PQ528 A4 1982
|t 0
|l Remote Storage
|